=LDR 00000nam 2200000 4500 =001 NUTBA000000000002274 =005 20140611083730.0 =006 =007 =008 =020 ##$$a 978-979-1211-59-8 =035 ##$$a 0010-061400000000217 =040 ##$$a NBPDMAT =082 ##$$a 636.75 =090 ##$$a 636.75 $b Ahm p =100 ##$$a Ahmad Said =245 ##$$a Permasalahan anjing dan solusinya / $c Ahmad Said =260 ##$$a Jakarta $b Azka Press, $c 2007 =300 ##$$a iv, 82 hlm. $b ilus. ; $c 21 cm. =500 ##$$a Bibliografi : hlm. 82 =650 ##$$a Anjing =850 ##$$a NBPDMAT =990 ##$$a 21401087